| 000 | 01660nam1a2200301 i 4500 | ||
|---|---|---|---|
| 001 | RU\NLR\bibl\1061738 | ||
| 005 | 20240920074649.0 | ||
| 035 | _a(NLR Aleph) 001049005 | ||
| 090 |
_a866492 _c866492 |
||
| 100 | _a20070320g20069999u y0rusy50 ca | ||
| 101 | 0 | _arus | |
| 102 | _aRU | ||
| 105 | _a||||z ||||| | ||
| 200 | 1 |
_aДифференциальное исчисление функций одной переменной _eучебное пособие _eдля самостоятельной работы студентов Института открытого образования _fЕ.К. Васенкова, Г.А. Постовалова, Е.В. Райкина _gФГОУВПО "Фин. акад. при Правительстве Рос. Федерации", Каф. математики и фин. приложений |
|
| 210 |
_aМосква _cФинансовая академия при Правительстве РФ _d2006 |
||
| 215 | _d20 | ||
| 463 | 0 | _10011049801 | |
| 606 | 1 |
_aФункции одной переменной _jУчебные издания для заочного обучения _xДифференциальное исчисление _91000910 _3RU\NLR\auth\66379511 |
|
| 686 | _aВ161.211я738-1 | ||
| 700 | 1 |
_aВасенкова _bЕ. К. _gЕкатерина Константиновна _4070 |
|
| 701 | 1 |
_aПостовалова _bГ. А. _gГалина Александровна _4070 |
|
| 701 | 1 |
_aРайкина _bЕ. В. _gЕлена Викторовна _4070 |
|
| 801 | 0 |
_aRU _bNLR _c20070320 _gRCR |
|
| 801 | 1 |
_aRU _bNLR _c20070320 |
|
| 852 |
_aNLR _j2007-3/8572 |
||
| 942 | _cBOOK | ||